[Event "Vecindario Montalvo Memorial 16th"]
[Site "Vecindario"]
[Date "2024.03.30"]
[Round "8"]
[White "Sarmiento Afonso, Santiago"]
[Black "Rivero Tacoronte, Gabriel"]
[Result "0-1"]
[WhiteElo "2023"]
[BlackElo "1831"]
[PlyCount "94"]
[EventDate "2024.03.23"]
[EventType "swiss"]
[EventRounds "9"]
[EventCountry "ESP"]
[SourceTitle "CB15_2024"]
[SourceDate "2024.04.10"]
[SourceVersion "1"]
[SourceVersionDate "2024.04.10"]
[SourceQuality "1"]

1. Nf3 d5 2. c4 d4 3. b4 g5 4. d3 g4 5. Nh4 e5 6. g3 Bxb4+ 7. Bd2 Be7 8. Ng2 c5 9. e4 Nc6 10. Be2 h5 11. 0-0 f5 12. f3 fxe4 13. fxe4 Nh6 14. Na3 Nf7 15. Rb1 a6 16. Kh1 Nd6 17. Be1 Be6 18. Nh4 Bg5 19. Nc2 Qd7 20. Bf2 0-0-0 21. Ne1 Qg7 22. Neg2 Rdf8 23. Be1 Qh6 24. Qb3 Nb8 25. Qb6 Nd7 26. Qxd6 Bd8 27. Rxf8 Rxf8 28. Nf5 Qf6 29. Ngh4 Re8 30. Bd2 Bc7 31. Rf1 Kd8 32. Nxd4 Qxf1+ 33. Bxf1 Bxd6 34. Nxe6+ Rxe6 35. Nf5 Bf8 36. h3 Kc8 37. hxg4 hxg4 38. Be2 Rb6 39. Bg5 Rb1+ 40. Kg2 Rb2 41. Kf2 Rxa2 42. Ke3 a5 43. Bxg4 a4 44. Be7 Bxe7 45. Nxe7+ Kd8 46. Nd5 a3 47. Bd1 Rh2 0-1

[Event "Vecindario Montalvo Memorial 16th"]
[Site "Vecindario"]
[Date "2024.03.25"]
[Round "3"]
[White "Julien Casteleiro, Ariel"]
[Black "Sarmiento Afonso, Santiago"]
[Result "1/2-1/2"]
[WhiteElo "1739"]
[BlackElo "2023"]
[PlyCount "101"]
[EventDate "2024.03.23"]
[EventType "swiss"]
[EventRounds "9"]
[EventCountry "ESP"]
[SourceTitle "CB15_2024"]
[SourceDate "2024.04.10"]
[SourceVersion "1"]
[SourceVersionDate "2024.04.10"]
[SourceQuality "1"]

1. d4 Nf6 2. Nf3 e6 3. Bf4 c5 4. c3 Be7 5. h3 cxd4 6. cxd4 0-0 7. Nbd2 b6 8. e3 Bb7 9. Bd3 Nd5 10. Bg3 f5 11. 0-0 f4 12. exf4 Nxf4 13. Bc2 Nc6 14. a3 Rc8 15. Re1 Na5 16. Bb1 Kh8 17. b4 Nc6 18. Qc2 g6 19. Qe4 Nd5 20. Bd3 Bf6 21. Rac1 Nce7 22. Nc4 Nxb4 23. Qxb7 Nxd3 24. Nfe5 Nxe1 25. Rxe1 Nf5 26. Bh2 d5 27. g4 Nh6 28. Nd6 Rc7 29. Qa6 Kg8 30. Nb5 Rc2 31. Qxa7 Bg7 32. Bg3 Nf7 33. Nd7 Re8 34. Nxb6 Ng5 35. Kg2 Qf6 36. Re3 Ne4 37. Rf3 Qe7 38. Qa4 Rec8 39. Nxc8 Rxc8 40. Qa6 Rf8 41. Rxf8+ Bxf8 42. a4 Nxg3 43. Kxg3 h5 44. Qc8 Kf7 45. a5 Qb4 46. Qb7+ Kf6 47. a6 Qd2 48. a7 Qd3+ 49. Kg2 Qe4+ 50. Kg1 Qe1+ 51. Kg2 1/2-1/2

[Event "Vecindario Montalvo Memorial 15th"]
[Site "Vecindario"]
[Date "2023.04.09"]
[Round "9"]
[White "Sarmiento Afonso, Santiago"]
[Black "Hernandez Guerra, Luna Yue"]
[Result "1/2-1/2"]
[WhiteElo "2055"]
[BlackElo "1892"]
[PlyCount "69"]
[EventDate "2023.04.02"]
[EventType "swiss"]
[EventRounds "9"]
[EventCountry "ESP"]
[SourceTitle "CBM 213 Extra"]
[Source "ChessBase"]
[SourceDate "2023.05.31"]
[SourceVersion "1"]
[SourceVersionDate "2023.05.31"]
[SourceQuality "1"]

1. e4 c6 2. Nc3 d5 3. Nf3 Bg4 4. h3 Bxf3 5. Qxf3 e6 6. d4 Nf6 7. Bg5 h6 8. Bh4 Bb4 9. Bxf6 Qxf6 10. Qe3 Nd7 11. exd5 cxd5 12. a3 Bxc3+ 13. Qxc3 0-0 14. Be2 Rac8 15. Qd2 Rc7 16. 0-0 Rfc8 17. Rac1 Qh4 18. f4 f5 19. Qe3 Kf7 20. Qb3 Qf6 21. c3 Qh4 22. Kh2 Rh8 23. c4 Nb6 24. g3 Qe7 25. cxd5 Nxd5 26. Rxc7 Qxc7 27. Bc4 Rd8 28. Rf2 Kf6 29. Re2 Rd6 30. Bxd5 Rxd5 31. Re5 Qc1 32. Qc3 Qd1 33. Rxd5 Qe2+ 34. Kg1 exd5 35. a4 1/2-1/2

[Event "Vecindario Montalvo Memorial 15th"]
[Site "Vecindario"]
[Date "2023.04.08"]
[Round "8"]
[White "Uzcategui Rodriguez, Alejandro"]
[Black "Sarmiento Afonso, Santiago"]
[Result "1-0"]
[WhiteElo "2255"]
[BlackElo "2055"]
[PlyCount "67"]
[EventDate "2023.04.02"]
[EventType "swiss"]
[EventRounds "9"]
[EventCountry "ESP"]
[SourceTitle "CBM 213 Extra"]
[Source "ChessBase"]
[SourceDate "2023.05.31"]
[SourceVersion "1"]
[SourceVersionDate "2023.05.31"]
[SourceQuality "1"]

1. e4 c5 2. Nf3 Nc6 3. Bb5 e5 4. Bxc6 dxc6 5. d3 Bg4 6. h3 Bxf3 7. Qxf3 Qf6 8. Qxf6 Nxf6 9. Nd2 Be7 10. a4 0-0 11. b3 Nd7 12. 0-0 Bg5 13. Nc4 Bxc1 14. Raxc1 b6 15. f4 f6 16. fxe5 Nxe5 17. Nxe5 fxe5 18. Rf3 Rf6 19. Rcf1 Raf8 20. Rxf6 Rxf6 21. Rxf6 gxf6 22. Kf2 Kf7 23. Kf3 Kg6 24. Kg4 a6 25. c4 b5 26. a5 h6 27. Kh4 Kg7 28. Kh5 Kh7 29. g4 Kg7 30. h4 b4 31. g5 hxg5 32. hxg5 Kf7 33. gxf6 Kxf6 34. Kh6 1-0

[Event "Canarias-chT"]
[Site "Vecindario"]
[Date "2019.06.16"]
[Round "6.1"]
[White "Alvarado Diaz, Alejandro"]
[Black "Sarmiento Afonso, Santiago"]
[Result "1-0"]
[WhiteElo "2380"]
[BlackElo "2095"]
[PlyCount "75"]
[EventDate "2019.06.13"]
[EventType "team-swiss"]
[EventRounds "6"]
[EventCountry "ESP"]
[SourceTitle "EXT 2020"]
[Source "ChessBase"]
[SourceDate "2019.10.17"]
[SourceVersion "1"]
[SourceVersionDate "2019.10.17"]
[SourceQuality "1"]
[WhiteTeam "Hotel Avda de Canarias"]
[BlackTeam "Bar Oleaje San Andres"]
[WhiteTeamCountry "ESP"]
[BlackTeamCountry "ESP"]

1. c4 Nf6 2. Nc3 e6 3. d4 d5 4. cxd5 exd5 5. Bg5 Be7 6. e3 0-0 7. Bd3 b6 8. Bxf6 Bxf6 9. Qh5 g6 10. Qxd5 c6 11. Qxd8 Rxd8 12. Nge2 Na6 13. Be4 Nb4 14. a3 Nd5 15. Nxd5 cxd5 16. Bd3 Be6 17. Rc1 Rac8 18. Kd2 Rxc1 19. Rxc1 Rc8 20. Rxc8+ Bxc8 21. Nc3 Be6 22. Be2 Kf8 23. Bf3 Ke7 24. Bxd5 Kd7 25. Bxe6+ fxe6 26. f4 Kc6 27. Kd3 h6 28. e4 a6 29. e5 Be7 30. Ke4 b5 31. d5+ Kd7 32. dxe6+ Kxe6 33. g4 b4 34. axb4 Bxb4 35. f5+ Kf7 36. Nd5 Be1 37. e6+ Kg7 38. f6+ 1-0

[Event "Liga Insular Gran Canaria Preferente"]
[Site "Las Palmas"]
[Date "2019.04.27"]
[Round "6.1"]
[White "Fernandez de la Hoz A, Carlos"]
[Black "Sarmiento Afonso, Santiago"]
[Result "0-1"]
[WhiteElo "1755"]
[BlackElo "2095"]
[PlyCount "52"]
[EventDate "2019.03.02"]
[EventType "team-tourn"]
[EventRounds "9"]
[EventCountry "ESP"]
[SourceTitle "EXT 2021"]
[Source "ChessBase"]
[SourceDate "2020.10.23"]
[SourceVersion "1"]
[SourceVersionDate "2020.10.23"]
[SourceQuality "1"]
[WhiteTeam "Mogan"]
[BlackTeam "Piscolabis Oleaje San Andres"]
[WhiteTeamCountry "ESP"]
[BlackTeamCountry "ESP"]

1. e4 e5 2. Nf3 Nc6 3. Bc4 Nf6 4. d3 Bc5 5. 0-0 d6 6. c3 0-0 7. b4 Bb6 8. Bg5 a6 9. Nbd2 Be6 10. Bd5 h6 11. Bxe6 fxe6 12. Be3 d5 13. Bxb6 cxb6 14. Qb3 Kh7 15. Rfe1 Qd6 16. d4 Rae8 17. Qc2 Kg8 18. dxe5 Nxe5 19. Nxe5 Qxe5 20. Nf3 Qf4 21. e5 Ne4 22. Re3 Rc8 23. Rc1 Rc4 24. g3 Qf7 25. Qe2 Rfc8 26. Qb2 Qc7 0-1

[Event "ESP-ch 82nd"]
[Site "Las Palmas"]
[Date "2017.10.06"]
[Round "8"]
[White "Herrera Reyes, Jose Antonio"]
[Black "Sarmiento Afonso, Santiago"]
[Result "1-0"]
[WhiteElo "2323"]
[BlackElo "2050"]
[PlyCount "53"]
[EventDate "2017.09.29"]
[EventType "swiss"]
[EventRounds "9"]
[EventCountry "ESP"]
[SourceTitle "CBM 181 Extra"]
[Source "ChessBase"]
[SourceDate "2017.12.12"]
[SourceVersion "1"]
[SourceVersionDate "2017.12.12"]
[SourceQuality "1"]

1. Nf3 c5 2. g3 Nc6 3. Bg2 g6 4. d3 Bg7 5. c3 d6 6. a3 Bg4 7. b4 Qd7 8. bxc5 dxc5 9. Be3 c4 10. d4 Na5 11. Nbd2 Nh6 12. Bxh6 Bxh6 13. Ne5 Bxd2+ 14. Qxd2 Qe6 15. Qh6 f6 16. Nxg4 Qxg4 17. Rb1 Qd7 18. 0-0 0-0-0 19. Rb4 b6 20. Qe3 Qd6 21. Rfb1 Kc7 22. Qf3 Rb8 23. Ra4 Rhc8 24. Rb5 Rd8 25. h4 f5 26. Raxa5 bxa5 27. Rc5+ 1-0

[Event "ESP-ch 82nd"]
[Site "Las Palmas"]
[Date "2017.10.05"]
[Round "7"]
[White "Sarmiento Afonso, Santiago"]
[Black "Martin Duque, Jesus"]
[Result "0-1"]
[WhiteElo "2050"]
[BlackElo "2387"]
[PlyCount "77"]
[EventDate "2017.09.29"]
[EventType "swiss"]
[EventRounds "9"]
[EventCountry "ESP"]
[SourceTitle "CBM 181 Extra"]
[Source "ChessBase"]
[SourceDate "2017.12.12"]
[SourceVersion "1"]
[SourceVersionDate "2017.12.12"]
[SourceQuality "1"]

1. e4 c5 2. Nc3 Nc6 3. f4 g6 4. Nf3 Bg7 5. Bc4 e6 6. 0-0 Nge7 7. d3 0-0 8. Qe1 d5 9. Bb3 Nd4 10. Nxd4 cxd4 11. Ne2 a5 12. a4 dxe4 13. dxe4 d3 14. Nc3 Nc6 15. Nb5 dxc2 16. Bxc2 Nb4 17. Bb1 Bd7 18. Qe2 Qb6+ 19. Kh1 Rfd8 20. Nc3 Bc6 21. e5 Qa6 22. Qxa6 bxa6 23. Be3 g5 24. Ne4 Nd5 25. Bd2 Nxf4 26. Bxa5 Rd4 27. Bc3 Rxe4 28. Bxe4 Bxe4 29. Rf2 Rd8 30. h4 h6 31. Kh2 Nd3 32. Re2 Bf5 33. hxg5 hxg5 34. Rd2 Rd5 35. g4 Bxg4 36. Rg1 Bxe5+ 37. Bxe5 Nxe5 38. Rxd5 exd5 39. Rd1 0-1

[Event "ESP-ch 82nd"]
[Site "Las Palmas"]
[Date "2017.10.04"]
[Round "6"]
[White "Massanet Massanet, Sebastian"]
[Black "Sarmiento Afonso, Santiago"]
[Result "0-1"]
[WhiteElo "2290"]
[BlackElo "2050"]
[PlyCount "146"]
[EventDate "2017.09.29"]
[EventType "swiss"]
[EventRounds "9"]
[EventCountry "ESP"]
[SourceTitle "CBM 181 Extra"]
[Source "ChessBase"]
[SourceDate "2017.12.12"]
[SourceVersion "1"]
[SourceVersionDate "2017.12.12"]
[SourceQuality "1"]

1. e4 e5 2. Nf3 Nc6 3. Bb5 a6 4. Ba4 Nf6 5. 0-0 b5 6. Bb3 Be7 7. Re1 0-0 8. d4 d6 9. c3 Bg4 10. Be3 Na5 11. Bc2 Nc4 12. Bc1 c5 13. b3 Nb6 14. dxe5 Bxf3 15. Qxf3 dxe5 16. Nd2 g6 17. Qe2 Qc7 18. c4 b4 19. Nf1 Nh5 20. g3 Ng7 21. Ne3 Ne6 22. Bb2 Nd4 23. Bxd4 cxd4 24. Nd5 Nxd5 25. cxd5 Rfc8 26. Bd3 a5 27. Ba6 Rcb8 28. Rac1 Qa7 29. Rc6 Rb6 30. Bb5 Rab8 31. Ba4 Rxc6 32. Bxc6 Qc5 33. Kg2 Qc3 34. Rd1 Rb6 35. Rd3 Qc5 36. Rd2 Bg5 37. Rc2 Qd6 38. Bb5 Kg7 39. Rc8 Bd8 40. Qc4 h5 41. Ba4 h4 42. Ra8 hxg3 43. hxg3 Rb8 44. Ra6 Bb6 45. Bc6 Bc7 46. Ra7 Bb6 47. Ra6 Qf6 48. Qd3 Qd6 49. Qb5 Qd8 50. Qd3 Qf6 51. Bd7 Qd6 52. Bg4 Qd8 53. f4 exf4 54. gxf4 Qh4 55. Qg3 Qe7 56. Bf3 Qb7 57. Be2 Rc8 58. Qd3 Rh8 59. Kg3 Qe7 60. Bf1 Qh4+ 61. Kf3 Qh1+ 62. Ke2 Rh2+ 63. Ke1 Rxa2 64. Rxb6 Qh4+ 65. Kd1 Qf2 66. Rc6 a4 67. f5 Ra1+ 68. Rc1 Ra2 69. f6+ Kxf6 70. e5+ Kxe5 71. d6 axb3 72. d7 b2 73. Rc5+ Kf4 0-1

[Event "Las Palmas Insular-chT Pref 1617"]
[Site "Las Palmas"]
[Date "2016.11.19"]
[Round "5.1"]
[White "Sarmiento Afonso, Santiago"]
[Black "Brito Garcia, Alfredo"]
[Result "0-1"]
[WhiteElo "2068"]
[BlackElo "2344"]
[PlyCount "60"]
[EventDate "2016.10.22"]
[EventType "team-tourn"]
[EventRounds "14"]
[EventCountry "ESP"]
[SourceTitle "EXT 2018"]
[Source "ChessBase"]
[SourceDate "2017.10.13"]
[SourceVersion "1"]
[SourceVersionDate "2017.10.13"]
[SourceQuality "1"]
[WhiteTeam "Piscolabis Oleaje San Andres"]
[BlackTeam "Guia Univac"]
[WhiteTeamCountry "ESP"]
[BlackTeamCountry "ESP"]

1. e4 e6 2. d4 d5 3. Nc3 Nf6 4. Bg5 Be7 5. e5 Nfd7 6. h4 a6 7. Nf3 c5 8. Ne2 Nc6 9. c3 cxd4 10. cxd4 f6 11. exf6 Nxf6 12. Nc3 Qb6 13. Na4 Bb4+ 14. Bd2 Qa5 15. Nc3 Qd8 16. Bd3 0-0 17. a3 Bd6 18. Qc2 Bd7 19. Bg5 h6 20. Bh7+ Kh8 21. Bg6 Be8 22. Bxe8 Qxe8 23. Kf1 Ng4 24. Re1 Nxd4 25. Nxd4 Rxf2+ 26. Qxf2 Nxf2 27. Kxf2 hxg5 28. hxg5+ Kg8 29. Nxe6 Qf7+ 30. Kg1 Re8 0-1

[Event "Las Palmas Insular-chT Pref"]
[Site "Las Palmas "]
[Date "2016.02.27"]
[Round "12.1"]
[White "Alvarado Diaz, Alejandro"]
[Black "Sarmiento Afonso, Santiago"]
[Result "1-0"]
[WhiteElo "2419"]
[BlackElo "2098"]
[PlyCount "121"]
[EventDate "2015.10.17"]
[EventType "team-tourn"]
[EventRounds "14"]
[EventCountry "ESP"]
[SourceTitle "EXT 2017"]
[Source "ChessBase"]
[SourceDate "2016.10.25"]
[SourceVersion "1"]
[SourceVersionDate "2016.10.25"]
[SourceQuality "1"]
[WhiteTeam "Hotel Avda de Canarias"]
[BlackTeam "Piscolabis Oleaje San Andres"]
[WhiteTeamCountry "ESP"]
[BlackTeamCountry "ESP"]

1. d4 d5 2. c4 e5 3. dxe5 d4 4. Nf3 Nc6 5. a3 Nge7 6. Nbd2 Nf5 7. Nb3 Be6 8. Qd3 a5 9. Bf4 a4 10. g4 Bb4+ 11. Nbd2 Bxd2+ 12. Qxd2 Nh4 13. Nxh4 Qxh4 14. h3 Qe7 15. Bg2 Qc5 16. 0-0 h5 17. g5 0-0 18. Kh2 Rfd8 19. Bg3 g6 20. f4 Bf5 21. Rac1 Na5 22. Qb4 Nb3 23. Rcd1 Qxb4 24. axb4 c6 25. b5 Bc2 26. bxc6 Bxd1 27. cxb7 Bxe2 28. bxa8Q Rxa8 29. Rf2 Rd8 30. Rxe2 d3 31. Re1 d2 32. Rd1 Rd3 33. Bf1 Rc3 34. bxc3 a3 35. Bd3 a2 36. e6 fxe6 37. c5 Nc1 38. c6 a1Q 39. f5 Qxc3 40. Be4 exf5 41. Bd5+ Kf8 42. c7 Ne2 43. Bd6+ Kg7 44. Rxd2 Qxd2 45. Be5+ Kh7 46. Bg8+ Kxg8 47. c8Q+ Kf7 48. Qc4+ Ke8 49. Qg8+ Kd7 50. Qf7+ Kc6 51. Qxg6+ Kb5 52. Qe8+ Kc4 53. Qc6+ Kd3 54. Qf3+ Kc4 55. Qc6+ Kd3 56. Qf3+ Kc4 57. Qf2 Kd5 58. Bg3 f4 59. Qf3+ Ke5 60. Bf2 Nd4 61. Qg2 1-0

[Event "Las Palmas Insular-chT Pref"]
[Site "Las Palmas "]
[Date "2016.01.23"]
[Round "10.1"]
[White "Alonso Valiente, Alexis"]
[Black "Sarmiento Afonso, Santiago"]
[Result "1/2-1/2"]
[WhiteElo "1962"]
[BlackElo "2098"]
[PlyCount "77"]
[EventDate "2015.10.17"]
[EventType "team-tourn"]
[EventRounds "14"]
[EventCountry "ESP"]
[SourceTitle "CBM 170 Extra"]
[Source "ChessBase"]
[SourceDate "2016.02.25"]
[SourceVersion "1"]
[SourceVersionDate "2016.02.25"]
[SourceQuality "1"]
[WhiteTeam "Sociedad La Montana"]
[BlackTeam "Piscolabis Oleaje San Andres"]
[WhiteTeamCountry "ESP"]
[BlackTeamCountry "ESP"]

1. d4 Nf6 2. Nf3 d6 3. c4 Bg4 4. e3 Nbd7 5. Be2 e5 6. 0-0 Be7 7. Nc3 0-0 8. b3 c6 9. Qc2 Re8 10. Rd1 Qc7 11. Ba3 Bf8 12. dxe5 dxe5 13. Bxf8 Nxf8 14. Rd2 Rad8 15. Rad1 Rxd2 16. Qxd2 Re7 17. Qd6 Qxd6 18. Rxd6 Rd7 19. Rxd7 N8xd7 20. h3 Bh5 21. g4 Bg6 22. Kf1 Kf8 23. Nh4 Bc2 24. f3 g5 25. Ng2 Bg6 26. h4 h6 27. h5 Bh7 28. Ke1 Ke7 29. e4 Ne8 30. Ne3 Nc5 31. Kd2 Ne6 32. Ncd1 N8c7 33. Nf2 Nf4 34. Bd1 Nce6 35. Nh1 Nd4 36. Ng3 f6 37. c5 Nfe6 38. b4 Ng7 39. a3 1/2-1/2

[Event "Las Palmas Insular-chT Pref"]
[Site "Las Palmas "]
[Date "2016.01.16"]
[Round "9.1"]
[White "Sarmiento Afonso, Santiago"]
[Black "Ortega Hermida, Daniel"]
[Result "1-0"]
[WhiteElo "2098"]
[BlackElo "2352"]
[PlyCount "79"]
[EventDate "2015.10.17"]
[EventType "team-tourn"]
[EventRounds "14"]
[EventCountry "ESP"]
[SourceTitle "CBM 170 Extra"]
[Source "ChessBase"]
[SourceDate "2016.02.25"]
[SourceVersion "1"]
[SourceVersionDate "2016.02.25"]
[SourceQuality "1"]
[WhiteTeam "Piscolabis Oleaje San Andres"]
[BlackTeam "La Caja de Canarias"]
[WhiteTeamCountry "ESP"]
[BlackTeamCountry "ESP"]

1. e4 c6 2. d4 d5 3. exd5 cxd5 4. c4 Nf6 5. Nc3 g6 6. Qb3 Bg7 7. Nf3 0-0 8. cxd5 Nbd7 9. d6 exd6 10. Be2 Nb6 11. 0-0 Be6 12. Qb4 Re8 13. Bg5 h6 14. Bh4 g5 15. Bg3 Bf8 16. Qa5 Nfd5 17. Bb5 f5 18. h3 f4 19. Bh2 Re7 20. Rfe1 Bf7 21. Rxe7 Bxe7 22. Re1 a6 23. Bd3 Rc8 24. Nd2 Qd7 25. Be4 Bd8 26. Qa3 Nxc3 27. bxc3 Nc4 28. Nxc4 Rxc4 29. g3 Qxh3 30. Qxd6 Rc8 31. Bd5 Kg7 32. Bxf7 Kxf7 33. Qd5+ Kf8 34. Re6 Qh5 35. Qd6+ Kg8 36. Rxh6 Qe8 37. Re6 Qf7 38. gxf4 Bc7 39. Qd5 Kf8 40. Qc5+ 1-0

[Event "Las Palmas Insular-chT Pref"]
[Site "Las Palmas "]
[Date "2015.11.14"]
[Round "3.1"]
[White "Sarmiento Afonso, Santiago"]
[Black "Sanchez Quintero, Raul"]
[Result "1/2-1/2"]
[WhiteElo "2098"]
[BlackElo "1998"]
[PlyCount "41"]
[EventDate "2015.10.17"]
[EventType "team-tourn"]
[EventRounds "14"]
[EventCountry "ESP"]
[SourceTitle "CBM 170 Extra"]
[Source "ChessBase"]
[SourceDate "2016.02.25"]
[SourceVersion "1"]
[SourceVersionDate "2016.02.25"]
[SourceQuality "1"]
[WhiteTeam "Piscolabis Oleaje San Andres"]
[BlackTeam "Sociedad La Montana"]
[WhiteTeamCountry "ESP"]
[BlackTeamCountry "ESP"]

1. Nf3 Nf6 2. b3 g6 3. Bb2 Bg7 4. e3 0-0 5. Be2 c5 6. 0-0 Nc6 7. d4 cxd4 8. Nxd4 Nxd4 9. Bxd4 d6 10. c4 Bd7 11. Bf3 Bc6 12. Nd2 Qa5 13. Qc2 Bxf3 14. Nxf3 Rfc8 15. Qb2 Qh5 16. Rac1 e5 17. Bc3 Ne4 18. Bb4 Nc5 19. Bxc5 e4 20. Bd4 exf3 21. gxf3 1/2-1/2

[Event "Las Palmas Insular-chT Pref"]
[Site "Las Palmas"]
[Date "2015.03.28"]
[Round "12.2"]
[White "Menvielle Laccourreye, Augusto"]
[Black "Sarmiento Afonso, Santiago"]
[Result "1-0"]
[WhiteElo "2138"]
[BlackElo "2099"]
[PlyCount "103"]
[EventDate "2014.11.22"]
[EventType "team-tourn"]
[EventRounds "14"]
[EventCountry "ESP"]
[SourceTitle "EXT 2016"]
[Source "ChessBase"]
[SourceDate "2015.10.08"]
[SourceVersion "1"]
[SourceVersionDate "2015.10.08"]
[SourceQuality "1"]
[WhiteTeam "La Caja de Canarias"]
[BlackTeam "San Andres Oleaje"]
[WhiteTeamCountry "ESP"]
[BlackTeamCountry "ESP"]

1. e4 c5 2. Nf3 d6 3. c3 Nf6 4. Bd3 g6 5. Bc2 Bg7 6. 0-0 0-0 7. h3 Nc6 8. Re1 e5 9. d4 Qc7 10. Na3 a6 11. Be3 b6 12. Qd2 Nh5 13. Rad1 cxd4 14. cxd4 b5 15. Bb3 Qa5 16. Qxa5 Nxa5 17. Bd5 Bb7 18. Bd2 Bxd5 19. exd5 e4 20. Ng5 Nb7 21. Nxe4 Bxd4 22. Bh6 Bg7 23. Bxg7 Kxg7 24. Rc1 Nf4 25. Rc7 Rab8 26. Rd1 Rfe8 27. Rxb7 Rxb7 28. Nxd6 Ree7 29. Nxb7 Rxb7 30. Nc2 Rd7 31. Ne3 f5 32. Kf1 Kf6 33. g3 Nh5 34. Nc2 Kf7 35. Nb4 Nf6 36. Nxa6 Nxd5 37. Ke2 Re7+ 38. Kf3 Nb6 39. Nc5 Nc4 40. Nd3 Ra7 41. a3 Rd7 42. b3 Rxd3+ 43. Rxd3 Nxa3 44. Rd7+ Kf6 45. Rxh7 Nc2 46. Rb7 Nd4+ 47. Ke3 Nxb3 48. Rb6+ Kg5 49. Rxb5 Nc1 50. f4+ Kh6 51. Kd2 Na2 52. Rb2 1-0

[Event "Las Palmas Insular-chT Pref"]
[Site "Las Palmas"]
[Date "2015.01.24"]
[Round "5.2"]
[White "Sarmiento Afonso, Santiago"]
[Black "Ramirez Allo, Eduardo"]
[Result "0-1"]
[WhiteElo "2099"]
[BlackElo "2274"]
[PlyCount "70"]
[EventDate "2014.11.22"]
[EventType "team-tourn"]
[EventRounds "14"]
[EventCountry "ESP"]
[SourceTitle "EXT 2016"]
[Source "ChessBase"]
[SourceDate "2015.10.08"]
[SourceVersion "1"]
[SourceVersionDate "2015.10.08"]
[SourceQuality "1"]
[WhiteTeam "San Andres Oleaje"]
[BlackTeam "La Caja de Canarias"]
[WhiteTeamCountry "ESP"]
[BlackTeamCountry "ESP"]

1. e4 e6 2. Nc3 d5 3. d4 Bb4 4. e5 c5 5. a3 Ba5 6. b4 cxd4 7. Nb5 Bc7 8. Nf3 Bd7 9. Nxc7+ Qxc7 10. Qxd4 Ne7 11. Bd3 Nbc6 12. Qb2 Ng6 13. Bxg6 fxg6 14. 0-0 0-0 15. Re1 Rxf3 16. gxf3 Rf8 17. Qc3 Qd8 18. b5 Na5 19. Rb1 Rf5 20. f4 b6 21. Rb4 h6 22. Qg3 Qe8 23. a4 Bc8 24. Rd1 Kh7 25. Rdd4 Bb7 26. Qc3 Qf7 27. Qg3 Nc4 28. c3 Kg8 29. Rbxc4 dxc4 30. Rxc4 g5 31. fxg5 Rf3 32. Qh4 Rd3 33. f4 Rd1+ 34. Kf2 Qf5 35. Be3 Qc2+ 0-1

[Event "Las Palmas Insular-chT Pref"]
[Site "Las Palmas"]
[Date "2014.12.13"]
[Round "2.2"]
[White "Marrero Cardenes, Agustin"]
[Black "Sarmiento Afonso, Santiago"]
[Result "1/2-1/2"]
[WhiteElo "2005"]
[BlackElo "2099"]
[PlyCount "66"]
[EventDate "2014.11.22"]
[EventType "team-tourn"]
[EventRounds "14"]
[EventCountry "ESP"]
[SourceTitle "EXT 2016"]
[Source "ChessBase"]
[SourceDate "2015.10.08"]
[SourceVersion "1"]
[SourceVersionDate "2015.10.08"]
[SourceQuality "1"]
[WhiteTeam "Maspalomas"]
[BlackTeam "San Andres Oleaje"]
[WhiteTeamCountry "ESP"]
[BlackTeamCountry "ESP"]

1. d4 d5 2. Nf3 Nc6 3. Bf4 Bg4 4. e3 e6 5. Be2 Bd6 6. Bg3 Nf6 7. Nbd2 0-0 8. 0-0 Re8 9. Ne5 Bxe2 10. Qxe2 Ne7 11. Nd3 Nf5 12. Be5 Ne4 13. Bxd6 cxd6 14. f4 Rc8 15. c3 Nxd2 16. Qxd2 Qh4 17. Qe1 Qxe1 18. Raxe1 h5 19. e4 dxe4 20. Rxe4 Rc4 21. Rfe1 Rec8 22. R4e2 a5 23. a3 b5 24. Ra1 b4 25. axb4 axb4 26. Nxb4 Nxd4 27. Re4 Nf5 28. Rxc4 Rxc4 29. Nd3 d5 30. g3 d4 31. Ne5 Rc7 32. Ra8+ Kh7 33. Rd8 dxc3 1/2-1/2

[Event "Las Palmas Insular-chT Pref qual"]
[Site "Las Palmas"]
[Date "2014.05.17"]
[Round "3.2"]
[White "Sarmiento Afonso, Santiago"]
[Black "Rocandio Sanchez, Roberto"]
[Result "1/2-1/2"]
[WhiteElo "2103"]
[BlackElo "2067"]
[PlyCount "134"]
[EventDate "2014.05.03"]
[EventType "team-tourn"]
[EventRounds "3"]
[EventCountry "ESP"]
[SourceTitle "EXT 2015"]
[Source "ChessBase"]
[SourceDate "2014.11.20"]
[SourceVersion "1"]
[SourceVersionDate "2014.11.20"]
[SourceQuality "1"]
[WhiteTeam "Piscolabis Oleaje San Andres"]
[BlackTeam "Stana Hernandez"]
[WhiteTeamCountry "ESP"]
[BlackTeamCountry "ESP"]

1. e4 c6 2. Ne2 d5 3. e5 e6 4. d4 c5 5. c3 Nc6 6. Nd2 Nh6 7. Nf3 Nf5 8. dxc5 Bxc5 9. Ned4 Qb6 10. Bb5 0-0 11. Bxc6 bxc6 12. 0-0 Ba6 13. Re1 Nxd4 14. cxd4 Be7 15. Qc2 Rfc8 16. Be3 Rab8 17. b3 c5 18. dxc5 Bxc5 19. Bxc5 Rxc5 20. Qd2 Rbc8 21. Rac1 Qc7 22. Rxc5 Qxc5 23. Nd4 g6 24. h4 Qc3 25. Qxc3 Rxc3 26. Rd1 Kf8 27. Rd2 Bd3 28. f3 Ke7 29. Kf2 h6 30. f4 a6 31. Ke3 Be4+ 32. Kf2 Kd7 33. Ne2 Rc8 34. g3 Kc6 35. Nc3 Bf5 36. Ke3 Kc5 37. a3 a5 38. Rd4 Ra8 39. Ra4 Bc2 40. Rd4 Bxb3 41. g4 Bc2 42. Rd2 Bb3 43. Ne2 Rb8 44. Rb2 Kc4 45. Nd4 Rb6 46. Rb1 Kc3 47. f5 exf5 48. gxf5 gxf5 49. Rc1+ Kb2 50. Rc7 Kxa3 51. Rxf7 Bd1 52. e6 Bh5 53. Rxf5 Be8 54. Rxd5 a4 55. Rd8 Bg6 56. e7 Kb2 57. Rg8 Bh5 58. Rg2+ Kb1 59. Kd3 a3 60. Kc3 Rb7 61. Rg1+ Ka2 62. Re1 Rc7+ 63. Kb4 Rb7+ 64. Kc3 Rc7+ 65. Kb4 Rb7+ 66. Kc5 Rb8 67. Nc6 Rc8 1/2-1/2

[Event "Las Palmas Insular-chT Primera-A"]
[Site "Las Palmas"]
[Date "2014.03.15"]
[Round "11.2"]
[White "Perez Rosales, Pedro"]
[Black "Sarmiento Afonso, Santiago"]
[Result "1/2-1/2"]
[WhiteElo "2096"]
[BlackElo "2103"]
[PlyCount "39"]
[EventDate "2013.11.09"]
[EventType "team-tourn"]
[EventRounds "14"]
[EventCountry "ESP"]
[SourceTitle "EXT 2015"]
[Source "ChessBase"]
[SourceDate "2014.11.20"]
[SourceVersion "1"]
[SourceVersionDate "2014.11.20"]
[SourceQuality "1"]
[WhiteTeam "Tirajana"]
[BlackTeam "San Andres"]
[WhiteTeamCountry "ESP"]
[BlackTeamCountry "ESP"]

1. d4 Nf6 2. c4 e6 3. Nc3 d5 4. Nf3 c5 5. cxd5 exd5 6. g3 Nc6 7. Bg2 Be7 8. 0-0 0-0 9. dxc5 Bxc5 10. Bg5 Be7 11. Rc1 Be6 12. Nd4 Qd7 13. Na4 Nxd4 14. Qxd4 b6 15. Rfd1 Rac8 16. Nc3 h6 17. Be3 Rfd8 18. Qd3 Bc5 19. Bd4 Bxd4 20. Qxd4 1/2-1/2